Segunda ciudad más poblada de cada país hispanohablante - Estadísticas

Estadísticas generales
  • Esta prueba ha sido intentada 63 veces
  • La puntuación promedio es 11 de 24
Estadísticas de respuestas
País Ciudad % Correcto
España Barcelona
94%
Bolivia (área urbana) La Paz
88%
Argentina Córdoba
85%
Colombia Medellín
85%
México (área urbana) Monterrey
73%
Ecuador Quito
67%
Chile Valparaíso
63%
Cuba (ciudad propia) Santiago de Cuba
56%
República Dominicana (ciudad propia) Santiago de los Caballeros
56%
Perú (área urbana) Arequipa
48%
Honduras (área urbana) Tegucigalpa
44%
Venezuela Maracaibo
42%
Guinea Ecuatorial Malabo
40%
Honduras (ciudad propia) San Pedro Sula
35%
México (ciudad propia) Tijuana
31%
Paraguay Ciudad del Este
27%
Bolivia (ciudad propia) El Alto
27%
Nicaragua (ciudad propia) León
23%
Uruguay (ciudad propia) Salto
23%
Perú (ciudad propia) Callao
21%
Costa Rica Heredia
10%
Panamá (área urbana) La Chorrera
6%
Guatemala (ciudad propia) Mixco
6%
El Salvador (ciudad propia) Soyapango
4%
No se encontraron pruebas coincidentes
Distribución de puntuación
Porcentaje de gente con cada puntuación
Porcentaje por número respondido
Historial de tus puntuaciones
No has intentado esta prueba.